000 00383nam a2200145 i 4500
001 bg
100 1 _aRZYMKOWSKI, Andrzej
245 0 _aModernizacja budynków dla trzody chlewnej /
_cAndrzej Rzymkowski, Zygmunt Jasionka.
260 _aWarszawa,
_c1973.
700 1 _aJASIONKA, Zygmunt
040 _cBPK
041 _apol
942 _cKS
008 s pl f |000 0 pol
999 _c7650
_d7650
856 _uhttp://koha.tu.koszalin.pl/cgi-bin/koha/opac-detail.pl?biblionumber=7650
_yKatalog online BPK